000 00452nam a2200157Ia 4500
008 240729s9999 xx 000 0 und d
022 _a2312-7589
245 0 _aTikrit Journal of Engineering Sciences
260 _aIraq
260 _bTikrit University
650 _a Engineering (General). Civil engineering (General)
650 _aTechnology
856 _uhttps://doaj.org/toc/71516ff104644022b749967e94aabbdb
942 _2ddc
942 _cDOAJEJ
999 _c74636
_d74636
945 _a1
_bMadushi Gamage
_c1
_dMadushi Gamage